000 00349nam a2200145Ia 4500
100 _aBedworth/ D.D./ Bailey/J.E
942 _cBK
654 _aProduction Control System
245 _aIntegrated Production Control System
260 _bJohn wiley
_aNew York
_c1987
082 _a658.5
_bBed/Bai
300 _a477
546 _aENGLISH
999 _c22817
_d22817